New York Knicks 2024-2025 Roster - Statistics

General Stats
  • This quiz has been taken 163 times
    52 since last reset
  • The average score is 12 of 17
Answer Stats
Jersey # Answer % Correct
11 Jalen Brunson
100%
32 Karl-Anthony Towns
95%
3 Josh Hart
93%
25 Mikal Bridges
90%
8 OG Anunoby
88%
2 Miles McBride
81%
23 Mitchell Robinson
81%
13 Tyler Kolek
79%
44 Landry Shamet
67%
1 Cameron Payne
64%
5 Precious Achiuwa
64%
0 Delon Wright
55%
55 Ariel Hukporti
52%
00 Jacob Toppin
50%
4 Pacome Dadiet
50%
9 Kevin McCullar Jr
24%
37 Matt Ryan
24%
No matching quizzes found
Score Distribution
Percent of People with Each Score
Percentile by Number Answered
Your Score History
You have not taken this quiz since the last reset